Nové stimuly kreatívnej spoločnosti diplomová práca

Enregistré dans:
Détails bibliographiques
Auteur principal: Barta, Michal
Collectivité auteur: Národohospodárska fakulta EU. Katedra sociálneho rozvoja a práce
Autres auteurs: Antalová, Mária, 1952-
Format: Livre
Langue:slovaque
Publié: Bratislava 2013
Tags: Ajouter un tag
Pas de tags, Soyez le premier à ajouter un tag!

MARC

LEADER 00000nbm a2200000 4500
001 0169310
005 20161109102255.2
041 0 |a slo 
044 |a SK 
245 1 0 |a Nové stimuly kreatívnej spoločnosti  |b diplomová práca  |c Michal Barta ; školiteľ: Mária Antalová 
264 1 |a Bratislava  |c 2013 
300 |a 71 s. 
100 1 |a Barta, Michal 
700 1 |a Antalová, Mária, 1952- 
710 2 |a Národohospodárska fakulta EU. Katedra sociálneho rozvoja a práce